00576 a2200169 4500020001800000050002100018100002300039245007500062264005300137300001100190500001900201650004800220650004100268650005900309700002000368700001800388 a9781877329227 aQH303.6 GRE 2005 a Greenwood, Tracey aAdvanced biology A2/cTracey Greenwood, Lyn Shepherd and Richard Allan aHamilton, N.Z. : bBiozone International,c2005 a282 p. aincludes index a Biology -- Examinations -- Study guides.  aBiology -- Problems, exercises, etc. aAdvanced supplementary examinations -- xStudy guides. aAllan, Richard  aShepherd, Lyn